Countries Closest to the Centre of Europe - Statistics

General Stats
  • This quiz has been taken 126 times
  • The average score is 14 of 18
Answer Stats
km Country miles % Correct
727 Germany 452
92%
132 Poland 82
89%
698 Czech Republic 434
86%
751 Hungary 467
85%
156 Russia 97
85%
634 Slovakia 394
84%
0 Lithuania 0
82%
34 Belarus 21
80%
325 Estonia 202
80%
303 Ukraine 188
80%
135 Latvia 84
79%
899 Austria 559
77%
496 Sweden 308
74%
559 Finland 347
73%
807 Denmark 501
71%
745 Romania 463
66%
943 Norway 586
63%
729 Moldova 453
61%
No matching quizzes found
Score Distribution
Percent of People with Each Score
Percentile by Number Answered
Your Score History
You have not taken this quiz